000 00606nam a2200229 a 4500
001 BRL_996
005 20190320211002.0
008 301013s1973----mx-#######---#000-1#spa-#
041 _aspa
044 _amx
050 4 _aPQ4843.T53
_b.P58 1973
100 1 _aTibón, Carletto
_925521
245 1 0 _aLos Pitipititos
_cCarletto Tibón.
260 _aMéxico
_bJoaquín Mortiz
_c1973
300 _a233 p.
_c18 cm.
440 0 _aSerie el volador
_925522
500 _aIncluye dedicatoria a Ruth Lechuga
500 _aAu1139
650 1 4 _aNovela italiana
_ySiglo XX
_925523
902 _aGRL
942 _2lcc
_cB
999 _c9808
_d9808